France UEFA European Championships XIs - Statistics

General Stats
  • This quiz has been taken 323 times
  • The average score is 43 of 90
Answer Stats
Answer % Correct
Kylian Mbappé
97%
Hugo Lloris
96%
Antoine Griezmann
94%
Olivier Giroud
91%
Thierry Henry
91%
Lucas Hernandez
90%
N'Golo Kanté
88%
Paul Pogba
88%
Théo Hernandez
88%
Zinédine Zidane
88%
Raphaël Varane
86%
Benjamin Pavard
85%
Lilian Thuram
85%
Marcus Thuram
85%
Mike Maignan
85%
Karim Benzema
84%
Adrien Rabiot
83%
Fabien Barthez
82%
Michel Platini
80%
Dayot Upamecano
79%
Blaise Matuidi
78%
Didier Deschamps
77%
Patrick Vieira
75%
Aurélien Tchouaméni
74%
David Trezeguet
74%
Laurent Blanc
74%
Marcel Desailly
74%
Jules Koundé
72%
William Saliba
71%
Franck Ribéry
70%
Emmanuel Petit
68%
Patrice Évra
68%
Bacary Sagna
67%
Bixente Lizarazu
66%
Laurent Koscielny
66%
Robert Pirès
63%
Claude Makélélé
62%
Dimitri Payet
59%
Nicolas Anelka
58%
Samir Nasri
57%
Jean-Pierre Papin
56%
Youri Djorkaeff
56%
Gaël Clichy
55%
William Gallas
55%
Éric Cantona
54%
Florent Malouda
53%
Presnel Kimpembe
50%
Willy Sagnol
49%
Moussa Sissoko
47%
Adil Rami
44%
Alou Diarra
38%
Grégory Coupet
38%
Mathieu Debuchy
38%
Yohan Cabaye
38%
Christian Karembeu
36%
Jérémy Toulalan
35%
Philippe Mexès
35%
Jean Tigana
33%
Mikaël Silvestre
33%
Bernard Lama
32%
Sidney Govou
28%
Alain Giresse
27%
Luis Fernández
26%
Manuel Amoros
24%
Basile Boli
21%
Joël Bats
21%
Patrick Battiston
21%
Maxime Bossis
18%
Patrice Loko
18%
Bernard Lacombe
16%
Franck Sauzée
15%
Vincent Guérin
15%
Bruno Bellone
13%
Bruno Martini
12%
Jean-François Domergue
12%
Yvon Le Roux
12%
Bernard Casoni
10%
Jean-Philippe Durand
9%
Jean Vincent
9%
Pascal Vahirua
8%
Jean-Jacques Marcel
3%
Lucien Muller
3%
Maryan Wisniewski
3%
François Heutte
2%
Robert Herbin
2%
Bruno Rodzik
1%
Georges Lamia
1%
Jean Wendling
1%
Michel Stievenard
1%
René Ferrier
1%
No matching quizzes found
Score Distribution
Percent of People with Each Score
Percentile by Number Answered
Your Score History
You have not taken this quiz